000 01129cam a2200229 4500
001 WB3907-01
008 030217n2003 000 0 eng u
035 _a(Sirsi) u121354
245 _aCracking down on crime
260 _c2003
490 _aDEFRA News Release
_v(50/03) 12 February 2003, (4)
520 _aNew powers enabling highway authorities in England to divert or close rights of way to prevent crime have come into effect with the commencement of provisions in the Countryside and Rights of Way Act 2000 Schedule 6. Target areas include footpaths across school grounds and alleyways on urban estates. The commencement statutory instrument and guidance for local authorities on the designation of areas are available on DEFRA's website at www.defra.gov.uk/wildlife-countryside/cl/publicrow.htm#crimeprevent www.defra.gov.uk/news/2003/030212b.htm
590 _aWB
650 _aCRIME PREVENTION
650 _aRIGHTS OF WAY
650 _aFOOTPATHS
650 _aSCHOOLS
650 _aHOUSING ESTATES
650 _aCOUNTRYSIDE AND RIGHTS OF WAY ACT 2000
690 _aBoundary disputes
_96221
942 _n0
999 _c72116
_d72116